Statistiques concernant Entraineurs des clubs de foot de Ligue 1 (France 2016-2017)

Cliquez ici pour prendre le quiz!

Statistiques générales

  • Ce quiz a été pris 257 fois
    (216 depuis la dernière actualisation)
  • Le résultat moyen est 12 sur 23

Statistiques - réponses

ClubEntraineur% Correct
ParisUnai Emery
90%
Saint-EtienneChristophe Galtier
84%
MarseilleRudi Garcia
81%
LyonBruno Génésio
78%
MonacoLeonardo Jardim
78%
ToulousePascal Dupraz
73%
BordeauxJocelyn Gourvennec
64%
AngersStéphane Moulin
62%
RennesChristian Gourcuff
57%
GuingampAntoine Kombouaré
56%
NiceLucien Favre
56%
LilleFrédéric Antonetti
54%
MarseilleFranck Passi
53%
NancyPablo Correa
42%
NantesRené Girard
41%
DijonOlivier Dall'Oglio
37%
MontpellierFrédéric Hantz
36%
CaenPatrice Garande
35%
LorientSylvain Ripoll
30%
LorientBernard Casoni
23%
BastiaFrançois Ciccolini
22%
MetzPhilippe Hinschberger
20%
LillePatrick Collot
14%

Distribution des résultats

Percentile par nombre de réponses

% des personnes avec chaque résultat

Votre développement - résultats

Vous n’avez pas pris ce quiz depuis la dernière actualisation